000 00333cam a22001217a 4500
008 180718b1999 xxu||||| |||| 00| 0 eng d
020 _a0195920104
082 _aT19x5 As42/99 (R)
245 _aAsian development outlook, 1999
260 _aOxford
_bOxford Univ. Press
_c1999
300 _a264p.
650 _aEconomic development - Asia
999 _c390776
_d390776